| 000 | 00718nam a22002057a 4500 | ||
|---|---|---|---|
| 999 |
_c6464 _d6464 |
||
| 003 | AR-CdUCM | ||
| 008 | 190318b ||||| |||| 00| 0 spa d | ||
| 040 |
_aMUNICIPALIDAD PROVINCIAL DEL CUSCO _cBIBLIOTECA MUNICIPAL DEL CUSCO |
||
| 082 |
_a050 / _bG91 |
||
| 245 | _aGuía Mundial 1995 / | ||
| 260 |
_aBogotá : _bEditora Cinco ; _c1994. |
||
| 300 |
_a656 páginas ; _bMapas, cuadros ilustraciones y cuadros _c23cm |
||
| 505 | _aContenido: Hechos, personajes y sucesos del año -- Geografía, política y economía -- Banderas y mapas del mundo. | ||
| 650 |
_aAlmanaque _918315 |
||
| 650 |
_aMapas _918316 |
||
| 650 |
_aGeografía _9318 |
||
| 710 |
_aEditora Cinco _918317 |
||
| 942 |
_2ddc _cLIBROS |
||
| 945 | _anom | ||